000 00377nam a2200157Ia 4500
008 221030s9999 xx 000 0 und d
020 _a817656706X
041 _aEnglish
100 _aY. P. Kanetkar
245 0 _aData Structures through C
_cby Y. P. Kanetkar
250 _a2nd
260 _bBPB Pub
_aNew Delhi
_c2015
300 _a647
650 _aComputers
942 _cBK
999 _c15942
_d15942